Učitavanje...

നക്ഷത്രങ്ങളുടെ തടവുകാരി

Bibliografski detalji
Glavni autori: കെ എല്‍ മോഹനവര്‍മ്മ, K L Mohanavarma
Format: Printed Book
Izdano: Kottayam; Current Books; 1993
Izdanje:1st
Teme:
LEADER 00776nam a22001817a 4500
082 |a 894.M3  |b MOH/N N3 
100 |a കെ എല്‍ മോഹനവര്‍മ്മ;  |9 15596 
100 |a K L Mohanavarma  |9 4436 
240 |a Nakshathrangalude thadavukaari 
245 |a നക്ഷത്രങ്ങളുടെ തടവുകാരി 
250 |a 1st 
260 |a Kottayam;  |b Current Books;  |c 1993 
300 |a 161p. 
650 |a മലയാളം; മലയാളം നോവല്‍  |9 15597 
650 |a Malayalam; Malayalam Novel; Literature; Malayalam Fiction  |9 15598 
942 |c BK 
999 |c 33440  |d 33440 
952 |0 0  |1 0  |4 0  |6 894_000000000000000_M3_MOH_N_N3  |7 0  |8 FIC  |9 37021  |a MAL  |b MAL  |d 2015-05-15  |e 40651  |g 26.00  |l 0  |o 894.M3 MOH/N N3  |p MAL040651  |r 2015-05-15  |t 1  |w 2015-05-15  |y BK